LDR 01234nam a2200301 4500 001 000000361351 003 CaOOAMICUS 005 20250116094501.0 008 250115s2015 it 000 u ita r 020 $a978-88-211-8241-9 040 $aSeMil$bita 100 1 $aBono, Elena <1921-2014>.$0(OLS)http://semarc/name/71389 245 13$aLa moglie del procuratore /$cElena Bono ; prefazione di Armando Torno ; postfazione di Stefania Segatori. 264 1$aGenova :$bMarietti 1820,$c2015. 300 $a205 p. ;$c21 cm 490 1 $aNarrativa 541 0 $aOmaggio mons. Mario Delpini (1B IV 254) 700 1 $aSegatori, Stefania.$0(OLS)http://semarc/name/121314 700 1 $aTorno, Armando,$d<1953- >.$0(OLS)http://semarc/name/19713 830 0$aNarrativa.$0(OLS)http://semarc/title/423394 850 $aSeMil 852 $aSeMil$W1$xVenegono$y1$m1B IV 254$j253889$B252319$CSeMilBibl$Z2$F252319 $81 941 1 $a7 961 $aOmaggio mons. Mario Delpini 996 $6020$a978-88-211-8241-9$9(OLS)http://semarc/number/302226 996 $6245$aLa moglie del procuratore$9(OLS)http://semarc/title/452042 996 $6264$aGenova :$bMarietti 1820$9(OLS)http://semarc/publisher/32400